Chemical process principles (Record no. 19036)

000 -LEADER
fixed length control field 00586nam a22002171 4500
001 - CONTROL NUMBER
control field 19036
003 - CONTROL NUMBER IDENTIFIER
control field BD-DhUET
008 - FIXED-LENGTH DATA ELEMENTS--GENERAL INFORMATION
fixed length control field 840614m19549999nyua 000 0 eng
040 ## - CATALOGING SOURCE
Original cataloging agency DLC
Transcribing agency DLC
Modifying agency BD-DhUET
082 00 - DEWEY DECIMAL CLASSIFICATION NUMBER
Classification number 660.284
Item number HOU/1960
100 1# - MAIN ENTRY--PERSONAL NAME
Personal name Hougen, Olaf A.
245 10 - TITLE STATEMENT
Title Chemical process principles
250 ## - EDITION STATEMENT
Edition statement 2nd ed.
260 ## - PUBLICATION, DISTRIBUTION, ETC. (IMPRINT)
Place of publication, distribution, etc. New York
Name of publisher, distributor, etc. John Wiley & Sons
Date of publication, distribution, etc. 1959
300 ## - PHYSICAL DESCRIPTION
Extent xviii, (505-1072)p.
Other physical details illus
Dimensions 24 cm.
500 ## - GENERAL NOTE
General note Part- II, Thermodynamics
650 #0 - SUBJECT ADDED ENTRY--TOPICAL TERM
Topical term or geographic name as entry element Chemical engineering
700 ## - ADDED ENTRY--PERSONAL NAME
Personal name Watson, Kenneth M.
700 ## - ADDED ENTRY--PERSONAL NAME
Personal name Ragatz, Roland A.
942 ## - ADDED ENTRY ELEMENTS (KOHA)
Koha item type General Book
Holdings
Koha normalized classification for sorting Koha full call number Shelving location Damaged status Withdrawn status Koha item type Sublocation or collection (holding branch) Location (home branch) Lost status Copy number Koha date last seen Price effective from Piece designation (barcode) Source of classification or shelving scheme Date acquired Not for loan
660_280000000000000_HOU_1959660.28/HOU/1959Circulation section  General BookCentral Library, BUETCentral Library, BUET 12015-04-022015-04-0217488 2015-04-02 
660_280000000000000_HOU_1959660.28/HOU/1959Circulation section  General BookCentral Library, BUETCentral Library, BUET 22015-05-112015-05-1111360 2015-05-11 
660_284000000000000_HOU_1960660.284/HOU/1960Circulation section  General BookCentral Library, BUETCentral Library, BUET 32015-05-122015-05-121044 2015-05-12 
660_284000000000000_HOU_1960660.284/HOU/1960Circulation section  General BookCentral Library, BUETCentral Library, BUET 42015-05-122015-05-12510 2015-05-12 
660_284000000000000_HOU_1960660.284/HOU/1960Circulation section  General BookCentral Library, BUETCentral Library, BUET 52015-05-182015-05-18511 2015-05-18 
660_284000000000000_HOU_1960660.284/HOU/1960Circulation section  General BookCentral Library, BUETCentral Library, BUET 62015-05-182015-05-181045 2015-05-18 
660_280000000000000_HOU_1969660.28/HOU/1969Reading section  Reading ItemCentral Library, BUETCentral Library, BUET 72015-06-202015-06-2011359 2015-06-20